000 00272nam a2200109Ia 4500
008 230907s9999||||xx |||||||||||||| ||und||
082 _a621.3822
_bMIT
245 0 _aDigital signal processing :
260 _aMcGraw-Hill,
_bChennai :
_c2013
300 _a940 p.
942 _cBK
999 _c601344
_d601344